Les Simpson - Titre des épisodes (saison 34) - Statistiques

Statistiques générales
  • Ce quiz a été pris 5 fois
  • Le résultat moyen est 13 sur 22
Statistiques - réponses
Question Réponse % Correct
Les Saints ... de Springfield
100%
Lisa ... en colère
100%
Quand Nelson rencontre ... Lisa
100%
Le jeu a ... changé
75%
Crise de ... hockey
75%
Lisa ... la scout
75%
Les aventures d'Homer à travers ... le pare-brise
75%
Jeu de ... quilles
75%
Carl Carlson et le ... rodéo
75%
Simpson Horror ... Show XXXIII
75%
Les chenilles ... très affamées
75%
Annule ... cet épisode
50%
Clown contre ministère ... de l'Éducation
50%
Kirk ... la menace
50%
De la bière à la ... paternité
50%
Demi-frère de la même ... planète
50%
Habeas ... Tortue
50%
Sans ... Bart
25%
Pas ... Ça
25%
La Guerre des ... fans
25%
Le roi de la ... gentillesse
25%
Ma vie en ... vlog
25%
Aucun quiz correspondant
Distribution des résultats
% des personnes avec chaque résultat
Percentile par nombre de réponses
Votre historique - résultats
Vous n’avez pas pris ce quiz